000 00765nab a22002417a 4500
001 22478
003 HDC
007 cr bn ---aaaaa
008 210128c20141222my ||||| |||| 00| 0 eng d
040 _aHDC
100 _aHafsah Hashim,
_eauthor
_98421
245 0 _aTime for local SMEs to notch up /
_cHafsah Hashim
336 _atext
_2rdacontent
337 _acomputer
_2rdamedia
338 _aonline resource
_2rdacarrier
650 _aEntrepreneur
_91863
650 _aSmall business
_9208
710 _aNew Straits Times
856 _zRequest full-text at [email protected]
942 _2lcc
942 _cNEWS
942 _kNWSC 006611
999 _c19794
_d19794